Obálka Náhled e-knihy:
Epub
Pro půjčování e-knih musíte být přihlášeni.
Jak si půjčit online?

Andělé v bílých pláštích. Hvězdná hodina /

Příběh mladé zdravotní sestry, která je po 1. světové válce těžce poznamenaná smrtí snoubence. Nová životní etapa v podobě zaměstnání v právě vznikající nemocnici jí ale dodá potřebný optimismus k novému začátku.

Uloženo v:
Série:Andělé v bílých pláštích, část 1
Hlavní autor: Bomann, Corina, 1974- (Autor)
Další autoři: Soukupová, Zuzana, 1949- (Autor)
Médium: E-kniha
Jazyk:Czech
Vydáno: Praha : Ikar, 2024
Vydání:Vydání první
Témata:
On-line přístup:Plný text - pro registrované uživatele NK ČR
Příbuzné jednotky:Z cyklu:: Andělé v bílých pláštích
Tagy:
Žádné tagy
LEADER 02865nam a2200481 i 4500
001 312232
003 CZ PrSKC
005 20260601215719.0
007 ta
008 240220s2024 xr g 000 f cze
015 |a cnb003536453 
020 |a 9788024952482  |q (vázáno) 
035 |a (OCoLC)1429249932 
040 |a ABG001  |b cze  |d ABA001  |e rda 
041 1 |a cze  |h ger 
072 7 |a 821.112.2-3  |x Německá próza, německy psaná  |2 Konspekt 
080 |a 821.112.2-31  |2 MRF 
080 |a (0:82-31)-055.2  |2 MRF 
100 1 |a Bomann, Corina,  |d 1974-  |7 xx0182405  |4 aut 
240 1 0 |a Leuchtfeuer.  |l Česky 
245 1 0 |a Andělé v bílých pláštích.  |p Hvězdná hodina /  |c Corina Bomannová ; z německého originálu Die Schwestern vom Waldfriede - Leuchtfeuer ... přeložila Zuzana Soukupová 
246 3 0 |a Hvězdná hodina 
250 |a Vydání první 
264 1 |a Praha :  |b Ikar,  |c 2024 
300 |a 479 stran ;  |c 24 cm 
336 |a text  |b txt  |2 rdacontent 
337 |a bez média  |b n  |2 rdamedia 
338 |a svazek  |b nc  |2 rdacarrier 
520 2 |a Příběh mladé zdravotní sestry, která je po 1. světové válce těžce poznamenaná smrtí snoubence. Nová životní etapa v podobě zaměstnání v právě vznikající nemocnici jí ale dodá potřebný optimismus k novému začátku.  |b Berlín 1919. Na konci války mladou zdravotní sestru Hannu těžce poznamenala ztráta milovaného snoubence. Jen přechod do nově budované nemocnice Waldfiriede ji dokázal vytrhnout ze začarovaného kruhu zoufalství, protože si nepřála nic jiného než pomáhat trpícím a nemocným. A povzbuzována důvěrou sympatického vedoucího kliniky doktora Conradiho tuto zkoušku zvládla. Ale v okamžiku, kdy se už ve Waldfriede cítila jako doma, si ji znovu našla minulost. Nakladatelská anotace. 
655 7 |a německé romány  |7 fd132945  |2 czenas 
655 7 |a romány pro ženy  |7 fd187897  |2 czenas 
655 9 |a German fiction  |2 eczenas 
655 9 |a women's novels  |2 eczenas 
700 1 |a Soukupová, Zuzana,  |d 1949-  |7 jk01120576  |4 trl 
765 1 |t Schwestern vom Waldfriede 
787 0 8 |i Z cyklu:  |t Andělé v bílých pláštích  |g 1 
856 4 1 |u https://www.bookport.cz/AccountSaml/SignIn/?idp=https%3A%2F%2Fshibboleth.nkp.cz%2Fidp%2Fshibboleth&returnUrl=/kniha/hvezdna-hodina-14733/  |y Plný text - pro registrované uživatele NK ČR  |4 N 
900 |a ABA001  |b 21 
928 9 |a Euromedia Group - Ikar 
044 |a xr 
910 |a RBIT002 
998 |d 394714  |a https://core.palmknihy.cz/api/books/394714/cover?s73gqu  |b https://core.palmknihy.cz/api/books/394714/cover/400?s73gqu  |c https://core.palmknihy.cz/api/books/394714/cover/50?s73gqu  |e 2027-10-06  |g 480  |i 9788024952482  |j https://core.palmknihy.cz/api/books/394714/preview.epub  |l   |q 49  |r 1  |s https://www.palmknihy.cz/kniha/394714  |t ebook  |y 2024  |z 0  |v Andělé v bílých pláštích  |w 1 
999 |d 312230